Gördüklerim ve geçirdiklerim / (Kayıt no. 10339)

MARC ayrıntıları
000 -BAŞLIK
Sabit Uzunluktaki Kontrol Alanı 00789nam a22002417a 4500
003 - KONTROL NUMARASI KİMLİĞİ
Kontrol Alanı KOHA_MİRAKIL
005 - EN SON İŞLEM TARİHİ ve ZAMANI
Kontrol Alanı 20260428083805.0
008 - SABİT UZUNLUKTAKİ VERİ ÖGELERİ - GENEL BİLGİ
Sabit Alan 260427b tu ||||| |||| 00| 0 tur d
020 ## - ISBN - ULUSLARARASI STANDART KİTAP NUMARASI
Isbn 9786057006035
040 ## - KATALOGLAMA KAYNAĞI
Özgün Kataloglama Kurumu TR-AnABB
Kataloglama Dili tur
Çeviri Kurumu TR-AnABB
041 ## - DİL KODU
Metin ya da ses kaydının dil kodu tur
082 ## - DEWEY ONU SINIFLAMA SİSTEMİ
Sınıflama Numarası 923.409 561
Cutter numarası MIM 2021
100 1# - KİŞİ ADI
Yazar Adı (Kişi adı) Mimaroğlu, Mustafa Reşat
245 10 - ESER ADI BİLDİRİMİ
Başlık Gördüklerim ve geçirdiklerim /
Sorumluluk Bildirimi Mustafa Reşat Mimaroğlu ; hazırlayan: Ali Birinci, Yücel Yiğit
250 ## - BASIM BİLDİRİMİ
Basım Bildirimi 2. baskı
260 ## - YAYIN, DAĞITIM, VB.
Yayın Yeri İstanbul :
Yayınevi Al elmas yayıncılık,
Yayın Tarihi 2021
300 ## - FİZİKSEL TANIMLAMA
Sayfa, Cilt vb. 288 sayfa ;
Boyutları 20 cm
650 04 - KONU BAŞLIĞI EK GİRİŞ - KONU TERİMİ
Konusal terim veya coğrafi ad Biyografi, Hukukçular
700 1# - EK GİRİŞ - KİŞİ ADI
Yazar Adı (Kişi adı) Birinci, Ali,
İlişkili Terim hazırlayan
9 (RLIN) 3593
700 1# - EK GİRİŞ - KİŞİ ADI
Yazar Adı (Kişi adı) Yiğit, Yücel,
İlişkili Terim hazırlayan
9 (RLIN) 3594
900 ## - YEREL BİLGİ
Kontrol Can ÇELIK
942 ## - EK GİRİŞ ÖGELERİ (KOHA)
Sınıflama Kaynağı Dewey Decimal Classification
Materyal Türü Kitap
Mevcut
Geri Çekilme Durumu Kayıp Durumu Sınıflandırma Kaynağı Kredi için değil Kalıcı Konum Mevcut Konum Kayıt Tarih Toplam Ödünçverme Yer Numarası Demirbaş Numarası Son Görülme Tarihi Fatura Tarihi Materyal Türü
    Dewey Decimal Classification   Prof. Dr. Ruşen Keleş Kütüphanesi Prof. Dr. Ruşen Keleş Kütüphanesi 27/04/2026   923.409 561 MIM 2021 RK7245 27/04/2026 27/04/2026 Kitap